Statystyki dla rozpoznaj państwo po podpowiedzi

Kliknij tutaj aby rozwiązać quiz!

Ogólne statystyki

  • Ten quiz został rozwiązany 94 razy
  • Średni wynik to 5 z 7

Statystyki odpowiedzi

PodpowiedzPaństwo% Poprawnych
W nim jest ponad miliard ludzi(oprócz indii)Chiny
99%
To jest największe państwo na świecieRosja
96%
Najmniejsze państwo na świecie.Watykan
91%
Państwo w Europie które w 1989 r. miało jako
Sąśadów państwa które nie istnieją.
Polska
78%
Jest najnowszym państwem na świecie. Sudan południowy
63%
Największe państwo europy (nie zaliczając rosji)Dania
57%
Najstarsze państwo na świecie.Egipt
53%

Rozkład punktacji

Percentyl według liczby udzielonych odpowiedzi

Procent ludzi z każdym wynikiem

Twoja historia wyników

Nie rozwiązałeś tego quizu